000 00367nam a22001337a 4500
008 250915b |||||||| |||| 00| 0 eng d
020 _a9789788135777
050 _aJQ3090
_b.C36
100 _aCampbell John
245 _aNigeria dancing on the brink
260 _aIbadan
_bBook Craft
_c2010
650 _aSocial conflict-Nigeria
_vEthnic conflict- Nigeria
942 _cBK
999 _c4475
_d4475